HANDBOOK OF PROCEDURES APRIL 1990-MARCH 1993: IMPORT-EXPORT PROMOTION (Record no. 477185)

MARC details
000 -LEADER
fixed length control field 00603nam a2200193Ia 4500
008 - FIXED-LENGTH DATA ELEMENTS--GENERAL INFORMATION
fixed length control field 100315s9999 xx 000 0 und d
040 ## - CATALOGING SOURCE
Transcribing agency ENGLISH 
082 ## - DEWEY DECIMAL CLASSIFICATION NUMBER
Item number 2450 
245 ## - TITLE STATEMENT
Title HANDBOOK OF PROCEDURES APRIL 1990-MARCH 1993: IMPORT-EXPORT PROMOTION
260 ## - PUBLICATION, DISTRIBUTION, ETC. (IMPRINT)
Date of publication, distribution, etc 1990 
300 ## - PHYSICAL DESCRIPTION
Extent "X,319P  "
365 ## - TRADE PRICE
Price note Aus.Sch. 
Unit of pricing
Price amount 250.00 
366 ## - TRADE AVAILABILITY INFORMATION
Publishers' discount category
505 ## - FORMATTED CONTENTS NOTE
Miscellaneous information Jaya Nikhade 
530 ## - ADDITIONAL PHYSICAL FORM AVAILABLE NOTE
Availability source -  
630 ## - SUBJECT ADDED ENTRY--UNIFORM TITLE
Uniform title HANDBOOK OF PROCEDURES APRIL 1990-MARCH 1993: IMPORT-EXPORT PROMOTION
730 ## - ADDED ENTRY--UNIFORM TITLE
Uniform title HANDBOOK OF PROCEDURES APRIL 1990-MARCH 1993: IMPORT-EXPORT PROMOTION
942 ## - ADDED ENTRY ELEMENTS (KOHA)
Koha item type Book
Holdings
Withdrawn status Lost status Damaged status Not for loan Home library Current library Date acquired Cost, normal purchase price Total Checkouts Full call number Barcode Date last seen Price effective from Koha item type
        Dr. V. N. Bedekar Institute of Management Studies Library Dr. V. N. Bedekar Institute of Management Studies Library 03/19/2010 250.00    /  2450  VPMBRIMS-2450  03/19/2010 03/19/2010 Book